Saldo výdavkov a nákladov rozpočtového hospodárenia - príklady v rozpočtovej organizácii, ktorá je napojená na štátny rozpočet

V štátnych rozpočtových organizáciách sa rozpočtové výdavky účtujú na účte 234 - Výdavkový rozpočtový účet narastajúcim spôsobom od začiatku do konca účtovného obdobia. Saldo výdavkov a nákladov. Príklady.

Gespeichert in:
Bibliographische Detailangaben
1. Verfasser: Kovalčíková, Antónia
Format: Buchkapitel
Sprache:Slowakisch
Schlagworte:
Tags: Tag hinzufügen
Keine Tags, Fügen Sie das erste Tag hinzu!

MARC

LEADER 00000naa$a2200000$$$4500
001 0052228
005 20240502071615.0
041 0 |a slo 
044 |a SK 
245 1 0 |a Saldo výdavkov a nákladov rozpočtového hospodárenia - príklady v rozpočtovej organizácii, ktorá je napojená na štátny rozpočet  |c Antónia Kovalčíková 
520 |a V štátnych rozpočtových organizáciách sa rozpočtové výdavky účtujú na účte 234 - Výdavkový rozpočtový účet narastajúcim spôsobom od začiatku do konca účtovného obdobia. Saldo výdavkov a nákladov. Príklady. 
610 2 0 |a výdavky 
610 2 0 |a náklady 
610 2 0 |a saldo 
610 2 0 |a organizácie rozpočtové 
100 1 |a Kovalčíková, Antónia